000 00690nam a22002057a 4500
005 20170217160729.0
010 _aENG-117293
020 _a9789386062550
_c650.00
035 _aEN-100825
037 _bDBAD/PUB
082 0 0 _a371.26
100 _aBoyle,Bill
245 1 0 _aFormetive assessment for teaching and learning :
_cby Bill Boyle [and] Marie Charles
_ban ethnographic study /
260 _aNew Delhi
_bSAGE Publications
_c2016
270 _aB1/I-1 Mohan Cooperative Industrial Area, Mathura Road
_bNew Delhi
_e110044
300 _axxxii,216p.
_c24cm(Hb)
500 _aIncludes references and index
700 _aMarie Charles
942 _2ddc
_cEN
_h371.26
_mBOY
999 _c137696
_d137696